| 000 | 00686nam a2200217Ii 4500 | ||
|---|---|---|---|
| 003 | JO-AjNU | ||
| 008 | 230605s9999||||xx |||||||||||||| ||und|| | ||
| 017 | _a7214 | ||
| 020 | _a977-358-064-4 | ||
| 040 |
_aJO-AjNU _bara _erda _cJO-AjNU |
||
| 041 | _aara | ||
| 050 | 1 | 4 | _aQC174.12 2004 |
| 100 | 3 |
_aابوالمجد ، عبدالعليم سليمان, _eauthor _917416 |
|
| 245 | 0 | 0 | _aالمدخل في كيمياء الكم |
| 264 | 3 | 1 | _aالقاهرة:دار الفجر ، 2004 |
| 300 | _a156ص | ||
| 336 |
_atext _btxt _2rdacontent |
||
| 337 |
_aunmediated _bn _2rdamedia |
||
| 338 |
_avolume _bnc _2rdacarrier |
||
| 650 | 4 |
_aالكيمياءتحليلية-تحليل كمي _917417 |
|
| 999 |
_aA5374 _c8942 _d8942 |
||